Analýza vysoko tvrdých povlakov vyhotovených procesom CAV

Enregistré dans:
Détails bibliographiques
Auteur principal: Muchová, Michaela, 1989- (Auteur)
Autres auteurs: Sahul, Martin, 1985- (Directeur de thèse)
Format: Manuscrit Livre
Langue:slovaque
Publié: Trnava : STU v Bratislave MTF UMAT, 2013
Sujets:
Accès en ligne:VAIS
Tags: Ajouter un tag
Pas de tags, Soyez le premier à ajouter un tag!

MARC

LEADER 00000ntm a22000003a 4500
001 stu269947
005 20150617230247.1
008 130703s2013----xo------------------slo-d
040 |a STU  |b slo 
041 0 |a slo 
044 |a xo 
100 1 |a Muchová, Michaela,  |d 1989-  |4 aut  |u M  |T MTF Materiálovotechnologická fakulta  |X 6765  |U M  |Y 60  |7 A000006765 
242 0 0 |a Analysis of high hard coatings deposited using CAV process  |y eng 
245 1 |a Analýza vysoko tvrdých povlakov vyhotovených procesom CAV 
260 |a Trnava :  |b STU v Bratislave MTF UMAT,  |c 2013 
650 7 |a Materials Engineering  |2 estusub 
650 7 |a nanohardness  |2 estusub 
700 1 |a Sahul, Martin,  |d 1985-  |4 ths  |u M1000  |U MTF Materiálovotechnologická fakulta  |T MTF Ústav materiálov  |X 30350  |U M1000  |Y 81  |7 A000030350 
856 4 |a info a plný text  |u http://is.stuba.sk/zp/portal_zp.pl?podrobnosti=102545  |3 VAIS 
996 |c M*BP-6116  |l MMSKP  |s P  |a 0  |w stu269947_0001